| 000 | 00985nac a22002771i 4500 | ||
|---|---|---|---|
| 003 | EG-ScBUE | ||
| 005 | 20230730095157.0 | ||
| 008 | 230730s2003 enkab f b 001 0 eng d | ||
| 020 | _a0192801783 | ||
| 020 | _a9780192801784 | ||
| 040 |
_aEG-ScBUE _beng _erda _cEG-ScBUE _dEG-ScBUE |
||
| 082 | 0 | 4 |
_a909.825 _bMCM _222 |
| 100 | 1 |
_aMcMahon, Robert J., _d1949- _eauthor. |
|
| 245 | 1 | 4 |
_athe cold war : _ba very short introduction / _cRobert McMahon. |
| 264 | 1 |
_aOxford ; _aNew York : _bOxford University Press, _c2003. |
|
| 300 |
_a185 pages : _billustrations, maps ; _c18 cm |
||
| 336 |
_2rdacontent _atext _btxt |
||
| 337 |
_2rdamedia _aunmediated _bn |
||
| 338 |
_2rdacarrier _avolume _bnc |
||
| 504 | _aIncludes bibliographical references and index. | ||
| 650 | 7 |
_aWorld politics. _2BUEsh |
|
| 651 | 7 |
_2BUEsh _aUnited States _xDiplomatic relations _zSoviet Union. |
|
| 651 | 7 |
_2BUEsh _aUnited States _xInternational relations _zSoviet Union. |
|
| 655 | _vReading book | ||
| 942 |
_cBB _2ddc |
||
| 999 |
_c2056 _d2056 |
||